000 00855nam a22002657a 4500
005 20150917125725.0
010 _aB-495490-497 ENG-113865
020 _a9789350247730
_c650.00
035 _aB-495490-497
035 _aEN-97397
037 _bHPH/Ven
_adpl
037 _bDBAD/PUB
082 _a921
245 _aAshoka the great /
_cedited by R.K.Singh [and] P.K.Choudhry
260 _aMumbai
_bHimalaya Books
_c2011
270 _aRamdoot Dr. Bhalerao Marg, Girgaon
_bMumbai
_e400004
300 _a368p.
_c22cm(Hb)
490 _aedited by M.H. Syed
500 _aIncludes bibliographical references and index
700 _aR.K. Singh
700 _aChoudhry, P.K.
700 _aSyed, M.H.
942 _2ddc
_cEN
_mASH
_h921
999 _c79568
_d79568